00464nam a2200145Ia 4500003000900000008004100009040001600050080001400066245010000080260003300180300001300213650002900226650004100255700002200296IN-BaIIA211028s9999 xx 000 0 eng d cIIA Library a52.3bPER 0aFlight Test Instrumentationcedited by M. A. Perry  aOxfordbPergamon Pressc1961 ax, 153p. aAeronautical Engineering aAstronomy and Astrophysics Thesaurus aPerry, M. A., ed.